LEADER 01395nam--2200397---450- 001 990001251380203316 005 20070614144113.0 035 $a000125138 035 $aUSA01000125138 035 $a(ALEPH)000125138USA01 035 $a000125138 100 $a20031110d1969----km-y0itay0103----ba 101 0 $aita 102 $aIT 105 $a||||||||001yy 200 1 $aLibri dell'entrata s dell'uscita del Comune di Siena - detti della Biccherna, reg.29° (1259 primo semestre)$fA cura di S.Fineschi 210 $aRoma$c[s.n.]$d1969 215 $aXXXVII, 144 p.$d24 cm. 225 2 $aMinistero dell'Interno Pubbl. degli Archivi di Stato$v67 410 0$12001$aMinistero dell'Interno Pubbl. degli Archivi di Stato$v67 454 1$12001 461 1$1001-------$12001 702 1 $aFINESCHI,$bS. 710 02$aArchivio di Stato ; $0136490 801 0$aIT$bsalbc$gISBD 912 $a990001251380203316 951 $aI.3. Coll.1/ 29(XI B Arch. coll.2/67)$b40960 L.M.$cXI B Arch. 959 $aBK 969 $aUMA 969 $aDILAM 979 $aSIAV3$b10$c20031110$lUSA01$h1110 979 $aPATRY$b90$c20040406$lUSA01$h1729 979 $aCOPAT5$b90$c20050920$lUSA01$h1220 979 $aDILAM$b90$c20070614$lUSA01$h1441 996 $aLibri dell'entrata s dell'uscita del Comune di Siena - detti della Biccherna, reg.29° (1259 primo semestre$9987799 997 $aUNISA LEADER 01121nas 2200409 c 450 001 9910892522403321 005 20260218110151.0 024 7 $aurn:nbn:de:kobv:517-vlib-12544 035 $a(DE-599)ZDB3139824-8 035 $a(OCoLC)1368793647 035 $a(DE-101)1272884430 035 $a(CKB)5670000000607089 035 $a(DE-599)3139824-8 035 $a(EXLCZ)995670000000607089 100 $a20221116b18971898 |y | 101 0 $ager 135 $aur||||||||||| 181 $ctxt$2rdacontent 182 $cc$2rdamedia 183 $acr$2rdacarrier 200 00$aU?ber Land und Meer 210 31$aPotsdam$cUniversita?tsbibliothek$d1897-1898 215 $aOnline-Ressource 517 3 $aU?ber Land und Meer / Monatsausgabe 517 3 $aU?ber Land und Meer / Großoktavausgabe 517 3 $aU?ber Land und Meer / Oktav-Ausgabe 608 $aZeitung$2gnd-content 676 $a070 676 $a800 676 $a790 801 0$b0517 801 1$bDE-101 801 2$b9999 906 $aJOURNAL 912 $a9910892522403321 996 $aU?ber Land und Meer$94437314 997 $aUNINA